| 000 | 00696nam a2200229Ia 4500 | ||
|---|---|---|---|
| 005 | 20250701164457.0 | ||
| 008 | 008 250505s9999 xx 000 0 eng d | ||
| 020 | _a9780198290605 | ||
| 037 | _aTextual | ||
| 040 |
_aEASL _beng _cEASL |
||
| 041 |
_aeng _2eng |
||
| 084 |
_aX5.42.N9, N7 _qEASL |
||
| 100 |
_aShiba Takao Ed. _9619330 |
||
| 245 | 0 | _aBeyond the firm: Business groups in international historical perspective | |
| 260 |
_aUSA _bUSA Oxford University Press _c1997 |
||
| 300 | _a320P. | ||
| 365 |
_aJapan _b97.51 |
||
| 490 | _aFuji Business History Series | ||
| 700 |
_aShimotani Masahiro _9674029 |
||
| 942 |
_cTEXL _hX5.42.N9, N7 |
||
| 999 |
_c1433212 _d1433212 |
||